<?xml version="1.0" encoding="UTF-8"?>
<record
    xmlns:xsi="http://www.w3.org/2001/XMLSchema-instance"
    xsi:schemaLocation="http://www.loc.gov/MARC21/slim http://www.loc.gov/standards/marcxml/schema/MARC21slim.xsd"
    xmlns="http://www.loc.gov/MARC21/slim">

  <leader>02356nam a2200193   4500</leader>
  <controlfield tag="005">20260120141233.0</controlfield>
  <controlfield tag="008">260109b        |||||||| |||| 00| 0 eng d</controlfield>
  <datafield tag="020" ind1=" " ind2=" ">
    <subfield code="a">9781780675565</subfield>
  </datafield>
  <datafield tag="041" ind1=" " ind2=" ">
    <subfield code="a">English</subfield>
  </datafield>
  <datafield tag="082" ind1=" " ind2=" ">
    <subfield code="a">659</subfield>
    <subfield code="b">VEk</subfield>
  </datafield>
  <datafield tag="100" ind1=" " ind2=" ">
    <subfield code="a">Veksner Simon</subfield>
    <subfield code="9">216290</subfield>
  </datafield>
  <datafield tag="245" ind1=" " ind2=" ">
    <subfield code="a">100 Ideas That Changed Advertising</subfield>
  </datafield>
  <datafield tag="260" ind1=" " ind2=" ">
    <subfield code="a">London</subfield>
    <subfield code="b">Laurence King Publishing</subfield>
    <subfield code="c">2015</subfield>
  </datafield>
  <datafield tag="300" ind1=" " ind2=" ">
    <subfield code="a">216</subfield>
  </datafield>
  <datafield tag="365" ind1=" " ind2=" ">
    <subfield code="b">1819.29</subfield>
    <subfield code="c">Rs.00</subfield>
  </datafield>
  <datafield tag="520" ind1=" " ind2=" ">
    <subfield code="a">o	The Poster
o	Promotions
o	Branding
o	The Leaflet
o	Press Advertising
o	The Topical Ad
o	Appropriation
o	The Advertising Agency
o	Publicity Stunts
o	Regulation
o	The Magazine
o	Sex in Advertising
o	Catalogues
o	Product Placement
o	Brand Characters
o	Slogans
o	Product Demonstration Ads
o	Coupons
o	Cinema Advertising
o	Global Agency Networks
o	Creatives
o	Comparative Ads
o	The Agency as Brand
o	Celebrity Endorsement
o	Public Service Advertising
o	Direct Mail
o	Stock Shots
o	Women in the Workplace
o	Radio
o	Sponsorship
o	Surrealism
o	The Testimonial
o	The Jingle
o	Brand Managers
o	Account Executives
o	Television Advertising
o	Research
o	The USP
o	The Infomercial
o	Graphic Design
o	The Brainstorm
o	Awards
o	The Personal Brand
o	Ad School
o	The Creative Revolution
o	Humour
o	The Challenger Brand
o	The Hot Shop
o	Brand Personality Theory
o	The Political Attack Ad
o	Campaigns
o	Principles
o	Democratization
o	Professionalization
o	Account Planning
o	Superstar Directors
o	Pop Music in Ads
o	Product Parity
o	Advertiser-Funded Channels
o	The ESP
o	Interesting Casting
o	The Event Ad
o	Word of Mouth
o	Not Advertising
o	Semiotics
o	The Trade Press
o	Advertising as Fiction
o	Anti-Capitalism
o	Global Advertising
o	Trade Ads
o	Lifestyle Advertising
o	Media Proliferation
o	Scam
o	The Micro-Network
o	The Rise of the Visual
o	Digital Post-Production
o	Postmodernism
o	The Tissue Meeting
o	Ambient
o	Mobile
o	Customer-Relationship Management
o	Separation of Media
o	Open Plan
o	Viral Marketing
o	Social Media
o	Online Advertising
o	Decline of the Commission System
o	The Dot-Com Boom
o	TiVo
o	Search
o	Media Neutrality
o	Advergames
o	Branded Content
o	Interactive Advertising
o	Facebook
o	YouTube
o	User-Generated Content
o	Twitter
o	Neuromarketing
o	Behavioural Economics


</subfield>
  </datafield>
  <datafield tag="650" ind1=" " ind2=" ">
    <subfield code="a">Advertising</subfield>
  </datafield>
  <datafield tag="942" ind1=" " ind2=" ">
    <subfield code="c">BK</subfield>
  </datafield>
  <datafield tag="999" ind1=" " ind2=" ">
    <subfield code="c">369832</subfield>
    <subfield code="d">369832</subfield>
  </datafield>
  <datafield tag="952" ind1=" " ind2=" ">
    <subfield code="0">0</subfield>
    <subfield code="1">0</subfield>
    <subfield code="2">ddc</subfield>
    <subfield code="4">0</subfield>
    <subfield code="7">0</subfield>
    <subfield code="a">SOFT</subfield>
    <subfield code="b">SOFT</subfield>
    <subfield code="d">2026-01-08</subfield>
    <subfield code="e">Design Book Studio</subfield>
    <subfield code="g">1625.23</subfield>
    <subfield code="i">286</subfield>
    <subfield code="l">0</subfield>
    <subfield code="o">659 VEK</subfield>
    <subfield code="p">SOFT-BK-4830</subfield>
    <subfield code="r">2026-01-09 15:10:00</subfield>
    <subfield code="t">33%</subfield>
    <subfield code="v">2425.72</subfield>
    <subfield code="w">2025-12-12</subfield>
    <subfield code="y">BK</subfield>
  </datafield>
</record>
